Similar flags [Very Extreme] - Statistics

General Stats
  • This quiz has been taken 265 times
  • The average score is 5 of 15
Answer Stats
Picture Hint Answer % Correct
Romania Chad
97%
Costa Rica Thailand
57%
United states Malaysia
55%
Texas Chile
53%
Norway Iceland
50%
Åland Sweden
49%
Mexico Italy
47%
St. Kitts and nevis Tanzania
27%
Somaliland Saudi Arabia
20%
Finland Shetland
19%
Palau Kazakhstan
16%
Shetland Greece
15%
Chile Liberia
15%
Laos Belize
14%
Kenya South Sudan
10%
No matching quizzes found
Score Distribution
Percent of People with Each Score
Percentile by Number Answered
Your Score History
You have not taken this quiz